Online katalóg knižníc regiónu Turca

Malý vlk s veľkým srdcom (Record no. 22790)

MARC details
000 -LEADER
fixed length control field 01661cam a2200469 4500
001 - CONTROL NUMBER
control field 22790
003 - CONTROL NUMBER IDENTIFIER
control field SK-KTurca
005 - DATE AND TIME OF LATEST TRANSACTION
control field 20260424143433.0
008 - FIXED-LENGTH DATA ELEMENTS--GENERAL INFORMATION
fixed length control field 200507s2019 xo af br 000 j slo
015 ## - NATIONAL BIBLIOGRAPHY NUMBER
National bibliography number SNBA2019/12
020 ## - INTERNATIONAL STANDARD BOOK NUMBER
International Standard Book Number 9788055168418
Qualifying information (brožované)
035 ## - SYSTEM CONTROL NUMBER
System control number urn:nbn:sk:snk-am00dxbn
035 ## - SYSTEM CONTROL NUMBER
System control number urn:nbn:sk:snk-am3i8f6
035 ## - SYSTEM CONTROL NUMBER
System control number 305D5321-0E15-4728-8B74-F5A6363BD061
040 ## - CATALOGING SOURCE
Original cataloging agency TTKJF
Language of cataloging slo
Transcribing agency TTKJF
Modifying agency SNK
Description conventions rda
041 1# - LANGUAGE CODE
Language code of text/sound track or separate title slo
Language code of original pol
044 ## - COUNTRY OF PUBLISHING/PRODUCING ENTITY CODE
MARC country code xo
ISO country code SK
072 #7 - SUBJECT CATEGORY CODE
Subject category code 821.162.1
Subject category code subdivision Poľská literatúra
Source konspekt
072 #7 - SUBJECT CATEGORY CODE
Subject category code 821-93
Subject category code subdivision Literatúra pre deti a mládež (beletria)
080 ## - UNIVERSAL DECIMAL CLASSIFICATION NUMBER
Universal Decimal Classification number 821.162.1-32
Edition identifier 2011
080 ## - UNIVERSAL DECIMAL CLASSIFICATION NUMBER
Universal Decimal Classification number 82-93-053.4/.5
Edition identifier 2011
100 1# - MAIN ENTRY--PERSONAL NAME
Personal name Samojlik, Tomasz,
Dates associated with a name 1978-
Relationship aut
240 10 - UNIFORM TITLE
Uniform title Ambaras
Language of a work Slovensky
245 10 - TITLE STATEMENT
Title Malý vlk s veľkým srdcom
Statement of responsibility, etc. Tomasz Samojlik ; ilustrovala Elżbieta Wasiuczyńska ; preložili Zuzana Mitková a Marek Mitka
250 ## - EDITION STATEMENT
Edition statement Prvé vydanie
264 #1 - PRODUCTION, PUBLICATION, DISTRIBUTION, MANUFACTURE, AND COPYRIGHT NOTICE
Place of production, publication, distribution, manufacture Bratislava
Name of producer, publisher, distributor, manufacturer Ikar, a. s. - Stonožka
Date of production, publication, distribution, manufacture, or copyright notice 2019
300 ## - PHYSICAL DESCRIPTION
Extent 151 strán
Other physical details ilustrácie, ilustrované listy
Dimensions 22 cm
336 ## - CONTENT TYPE
Content type term text
Content type code txt
Source rdacontent
337 ## - MEDIA TYPE
Media type term bez média
Media type code n
Source rdamedia
338 ## - CARRIER TYPE
Carrier type term zväzok
Carrier type code nc
Source rdacarrier
500 ## - GENERAL NOTE
General note Preložené z polštiny
500 ## - GENERAL NOTE
General note Vydalo vydavateľstvo Stonožka v spoločnosti Ikar, a.s.
521 8# - TARGET AUDIENCE NOTE
Target audience note Pre čitateľov od 6 rokov
655 #7 - INDEX TERM--GENRE/FORM
Genre/form data or focus term poľské príbehy
Source of term SNKPH
655 #7 - INDEX TERM--GENRE/FORM
Genre/form data or focus term literatúra pre deti
Source of term SNKPH
655 #7 - INDEX TERM--GENRE/FORM
Genre/form data or focus term Polish stories
Source of term SNKPHeng
655 #7 - INDEX TERM--GENRE/FORM
Genre/form data or focus term Children's literature
Source of term SNKPHeng
700 1# - ADDED ENTRY--PERSONAL NAME
Personal name Wasiuczyńska, Elżbieta
Relationship ill
700 1# - ADDED ENTRY--PERSONAL NAME
Personal name Mitková Zuzana,
Dates associated with a name 1981-
Relationship trl
700 1# - ADDED ENTRY--PERSONAL NAME
Personal name Mitka, Marek,
Dates associated with a name 1980-
Relationship trl
942 ## - ADDED ENTRY ELEMENTS (KOHA)
Source of classification or shelving scheme Dewey Decimal Classification
Koha item type Krásna literatúra pre deti
Suppress in OPAC No
Holdings
Stav vyradenia Strata Poškodenie Spôsob nadobudnutia Domovská knižnica Aktuálna knižnica Dátum nadobudnutia Total checkouts Čiarový kód exemplára Date last seen Typ exemplára
      Dar Mestská knižnica Turany Mestská knižnica Turany 24.04.2026   4712401342 24.04.2026 Krásna literatúra pre deti
Projekt je podporený Slovenskou asociáciou knižníc
Prevádzkuje Turčianska knižnica Martin 2026